Ahvenanmaan maakunnan kunnat - Statistics

Yleistilastot
  • Tätä visaa on pelattu 224 kertaa
  • Keskiarvotulos 12 / 16
Vastaustilastot
Väkiluku Kunta/Kaupunki % Oikein
11 766 Maarianhamina/Mariehamn
98%
949 Eckerö
89%
450 Brändö
82%
5 473 Jomala
80%
1 012 Sund
78%
1 598 Hammarland
77%
526 Föglö
75%
517 Geta
75%
224 Kökar
72%
101 Sottunga
72%
2 613 Finström
70%
2 142 Lemland
69%
377 Lumparland
67%
467 Vårdö
66%
314 Kumlinge
65%
1 826 Saltvik
65%
Ehtoja vastaavia visoja ei löytynyt
Tulosjakauma
Jokaisen tuloksen saaneiden osuus
Persentiili vastausten määrän mukaan
Tuloshistoriasi
Et ole pelannut tätä visaa